How to organize and conduct the cradle roll department. (Record no. 9096)

000 -LEADER
fixed length control field 00623nam a2200193 a 4500
001 - CONTROL NUMBER
control field :::00006877$&:&@@
003 - CONTROL NUMBER IDENTIFIER
control field OkBaRHE
005 - DATE AND TIME OF LATEST TRANSACTION
control field 20000607103333.0
008 - FIXED-LENGTH DATA ELEMENTS--GENERAL INFORMATION
fixed length control field s1952 j 000 0 eng u
040 ## - CATALOGING SOURCE
Transcribing agency
100 1# - MAIN ENTRY--PERSONAL NAME
Personal name Gerber, Maxine Ethel.
245 10 - TITLE STATEMENT
Title How to organize and conduct the cradle roll department.
260 ## - PUBLICATION, DISTRIBUTION, ETC. (IMPRINT)
Place of publication, distribution, etc Cincinnati, OH., :
Name of publisher, distributor, etc The Standard Publishing Company
Date of publication, distribution, etc c1952
300 ## - PHYSICAL DESCRIPTION
Extent 32 p. ;
Dimensions 10 cm.
650 ## - SUBJECT ADDED ENTRY--TOPICAL TERM
Topical term or geographic name as entry element Church Work with Infants
650 ## - SUBJECT ADDED ENTRY--TOPICAL TERM
Topical term or geographic name as entry element Infants
General subdivision Church Work
942 ## - ADDED ENTRY ELEMENTS (KOHA)
Source of classification or shelving scheme
Koha item type Books
Copies
Koha item type Date acquired Not for loan Barcode Permanent Location Date last seen Price effective from Full call number Source of classification or shelving scheme Damaged status Withdrawn status Copy number Lost status Shelving location
Books2010-04-14 6877RHEMA Bible Training College2010-04-142010-04-14BV 639 .G4   1 General Stacks